000 00679nam a22002177a 4500
003 BUBTL
008 220814b ||||| |||| 00| 0 eng d
020 _a9780194770200
082 _a428.34/ So11n/ 2012
100 _94612
_aSoars, Liz
245 _aNew Headway: Intermediate Student's book/
_cLiz Soars, John Soars
250 _a4th Edn.
260 _aOxford:
_bOxford University Press,
_cc2012
300 _a159 p. :
_bills.;
_c28 cm.
505 _a English language, New Headway, Intermediate, Student's book
650 0 _9194
_aEnglish Language
700 _955
_aSoars, John
856 _k0
_l0
_yDownload
942 _2ddc
_cBK
999 _c6726
_d6726